| 000 | 01140cad a22002895a 4500 | ||
|---|---|---|---|
| 001 | E151864 | ||
| 008 | 101215s2010 xxk f 100 0 eng d | ||
| 020 | _a9781842196199 | ||
| 035 | _a(Sirsi) u151864 | ||
| 041 | 0 | _aeng | |
| 100 | 1 | _aAdiaba, Stanislaus | |
| 111 | 2 |
_aConstruction and Building Research Conference _cDauphine Universite, Paris _d2-3 September 2010 |
|
| 245 | 0 | 0 |
_aLand registration and information asymmetry problem in Sub-Saharan Africa urban real estate markets _h[electronic resource] |
| 260 |
_aLondon _bRICS _c2010 |
||
| 520 | _aA paper presented at the COBRA Conference in Paris on 2-3 September 2010. | ||
| 590 | _aKA | ||
| 650 | 2 | 4 | _aCONSTRUCTION AND BUILDING RESEARCH CONFERENCE (COBRA) |
| 651 | 4 | _aAfrica | |
| 690 | _aPROPERTY-PROPERTY ACQUISITION AND DISPOSAL-REGISTRATION OF TITLE TO PROPERTY-LAND REGISTRATION | ||
| 700 | 1 | _aHammond, Felix | |
| 700 | 1 | _aProverbs, David | |
| 700 | 1 | _aLamond, Jessica | |
| 700 | 1 | _aBooth, Colin | |
| 700 | 1 | _aBloch, Robin | |
| 856 | 4 | 0 |
_uhttps://www.rics.org/site/scripts/download_info.aspx?fileID=8020&categoryID=720 _zBroken link - not available |
| 942 | _n0 | ||
| 999 |
_c111684 _d111684 |
||